[Event "Kings Tournament ROMGAZ 2018-B"]
[Site "Bucharest"]
[Date "2018.11.21"]
[Round "11"]
[White "Parligras, Mircea-Emilian"]
[Black "Nisipeanu, Liviu-Dieter"]
[Result "0-1"]
[WhiteElo "2645"]
[BlackElo "2674"]
[Annotator "TA"]
[PlyCount "76"]
[EventDate "2018.11.21"]
[EventCountry "ROU"]
[SourceTitle "playchess.com"]
[Source "ChessBase"]
[SourceQuality "1"]

{[%evp 13,76,34,25,20,27,30,39,22,31,32,39,67,74,77,64,65,118,116,106,100,98,110,117,131,129,97,81,96,85,30,89,88,160,167,223,16,114,109,77,89,85,0,0,-23,-11,-16,-33,-24,-39,-651,-643,-883,-738,-799,-514,-426,0,-735,0,-949,-908,-5222,-5181,-2060,-1885]} 1. d4 Nf6 2. c4 c5 3. d5 b5 4. cxb5 a6 5. bxa6 e6 6. Nc3 {A58: Benko/Volga Gambit: Lines with 5 bxa6} exd5 7. Nxd5 Be7 {LiveBook: 4 Games} 8. Nf3 {White has an edge.} (8. e3 O-O 9. Ne2 Nxd5 10. Qxd5 Rxa6 11. Nc3 Rd6 12. Qf3 Nc6 13. Be2 Bb7 {½-½ (27) Nakamura,H (2787)-Dubov,D (2701) Moscow 2018}) 8... Nxd5 $146 ({Predecessor:} 8... O-O 9. g3 Nxd5 10. Qxd5 Nc6 11. Bg2 Bxa6 12. O-O Bxe2 13. Re1 Bb5 {½-½ (34) Flasinski,M (2218)-Feuerstack,A (2438) Katowice 2017}) 9. Qxd5 Rxa6 10. e4 Rd6 11. Qb3 $40 {[%mdl 128] White attacks.} Rb6 12. Qc2 O-O 13. Bc4 Nc6 14. O-O Bb7 (14... d6 $14) 15. Bf4 $16 Nb4 16. Qe2 d5 17. exd5 Nxd5 18. Bg3 Bf6 19. Rab1 Qa8 20. Rfd1 Re8 21. Qf1 (21. Qd3 $16 {[%cal Rc4d5]} Ne7 22. Re1) 21... h6 (21... Bxb2 $11 22. Bb5 Bc6 23. Rxb2 Rxb5 24. Rxb5 Bxb5 25. Qxb5 Nc3) 22. Rd2 Nb4 ({Black should play} 22... Ne7) 23. a3 Nc6 (23... Bxf3 $142 24. axb4 (24. gxf3 Nc6 $16) 24... Be4) 24. Re1 $2 {[#]} (24. Bc7 $18 Ra6 25. Rd7) 24... Nd4 (24... Na5 $1 $11 25. Ba2 Rxb2) 25. Rxe8+ Qxe8 26. Nxd4 Bxd4 27. Re2 (27. b4 $16) 27... Qd7 $1 $11 28. Qe1 {And now Re8+ would win.} Qc6 {[%csl Gb7][%cal Rc6g2] [#]} 29. Re8+ Kh7 {[%csl Gb7][%cal Rc6g2]} 30. Bd3+ g6 {[%csl Gb7][%cal Rc6g2]} 31. Re4 $2 {[%mdl 8192]} (31. Be4 $15 Qf6 32. Bxb7 Rxb7 33. Be5 Bxe5 34. Rxe5) 31... Rxb2 $19 {aiming for ...c4.} 32. Kh1 {White hopes to continue with f3.} Rb3 33. Bc2 Rc3 34. Bb1 Rb3 (34... Rxa3 $142 35. f3 Qb5) 35. Bc2 $1 Rb2 36. Bd3 {Now f3 and White clings on.} c4 {[%cal Bc5c4,Bc4d3][%mdl 32] Black is clearly winning.} 37. f3 cxd3 38. Rxd4 Qc2 {Accuracy: White = 45%, Black = 46%.} 0-1

[Event "Kings Tournament ROMGAZ 2018-B"]
[Site "Bucharest"]
[Date "2018.11.21"]
[Round "11"]
[White "Istratescu, Andrei"]
[Black "Iordachescu, Viorel"]
[Result "1-0"]
[WhiteElo "2565"]
[BlackElo "2597"]
[Annotator "TA"]
[PlyCount "44"]
[EventDate "2018.11.21"]
[EventCountry "ROU"]
[SourceTitle "playchess.com"]
[Source "ChessBase"]
[SourceQuality "1"]

{[%evp 12,44,15,24,22,34,40,44,57,34,77,68,85,76,73,67,89,72,78,49,57,58,103,91,164,173,171,64,66,0,56,56,69,70,62]} 1. d4 Nf6 2. c4 e6 3. Nf3 b6 4. g3 Ba6 5. Qb3 Nc6 6. Nbd2 Na5 7. Qc3 {LiveBook: 98 Games. And now b4 would win. E15: Queen's Indian: 4 g3 sidelines, 4 g3 Ba6 and 4 g3 Bb7 early deviations} Bb7 8. b4 Nc6 9. a3 a5 $146 {[%cal Ra5b4]} ({Predecessor:} 9... d5 10. Bb2 g6 11. Bg2 Bg7 12. O-O O-O 13. Rfd1 Rc8 14. Rac1 Ne7 {½-½ (65) Andersen,M (2479)-Sargissian,G (2702) Reykjavik 2016}) 10. b5 Ne7 11. Bg2 Ne4 12. Nxe4 Bxe4 13. O-O Nf5 14. Bb2 Be7 15. Nh4 Bxg2 16. Nxg2 Bf6 17. Rfd1 c5 (17... Nd6 $16) 18. bxc6 $1 $18 dxc6 19. Qf3 (19. e4 $18 Nh6 20. e5) 19... O-O $14 20. g4 (20. Rab1 $14) 20... Nxd4 (20... Nd6 $11) 21. Qe4 $1 {[%cal Rb2d4]} c5 22. e3 $1 {[%cal Re3d4][%mdl 1024] White has compensation.} Ne2+ {[%mdl 64] Discovered Attack (Double check). Accuracy: White = 51%, Black = 43%.} 1-0

[Event "Kings Tournament ROMGAZ 2018-B"]
[Site "Bucharest"]
[Date "2018.11.21"]
[Round "11"]
[White "Bulmaga, Irina"]
[Black "L'Ami, Alina"]
[Result "0-1"]
[WhiteElo "2386"]
[BlackElo "2285"]
[Annotator "TA"]
[PlyCount "102"]
[EventDate "2018.11.21"]
[EventCountry "ROU"]
[SourceTitle "playchess.com"]
[Source "ChessBase"]
[SourceQuality "1"]

{[%evp 11,102,14,26,-8,-17,-27,23,13,32,28,29,41,53,35,23,24,5,0,0,-46,-10,-16,-23,-24,-25,-34,-22,-38,-24,-23,31,-47,-35,-70,-22,-45,-59,-54,-42,-79,-77,-164,-22,-39,0,-49,-42,-34,-33,-291,-285,-573,-570,-573,-530,-1019,-986,-1003,-266,-995,-199,-457,0,-988,-950,-1038,-507,-470,-454,-452,-441,-837,-75,-663,-659,-669,-659,-5090,-2237,-6183,-5497,-5724,-1137,-29974,-29975,-29982,-29983,-29990,-29991,-29994,-29995,-29995,-29996]} 1. e4 c5 2. Nf3 d6 3. d4 cxd4 4. Nxd4 Nf6 5. Nc3 a6 6. h3 b5 {LiveBook: 81 Games} 7. a3 {B90: Sicilian Najdorf: Unusual White 6th moves, 6 Be3 Ng4 and 6 Be3 e5} (7. g4 Bb7 8. Bg2 g6 9. Be3 Nbd7 10. O-O e5 11. Nb3 h5 12. g5 Nh7 13. h4 f6 14. f4 exf4 15. Bxf4 {0-1 (41) Antipov,M (2593)-Ponkratov,P (2628) Sochi 2018}) 7... Bb7 8. Qe2 Qc7 9. g4 {White has an edge.} e5 $146 ({Predecessor:} 9... Nc6 10. Nxc6 Bxc6 11. Bg2 g6 12. f4 Nd7 13. Bd2 Bg7 14. O-O Rc8 {0-1 (46) Andrikopoulou,E (1651)-Aggeli,E (1875) Greece 2009}) 10. Nf5 h6 11. Bg2 Nbd7 12. Be3 g6 13. Ng3 Nb6 14. Bxb6 Qxb6 15. O-O Bg7 16. Rad1 O-O 17. Rd2 Rfd8 18. Rfd1 Rac8 19. Kh2 Ba8 20. Nf1 h5 (20... Rc4 $11) 21. Ne3 (21. g5 $14 Ne8 22. Ne3) 21... Bh6 22. Rd3 Bxe3 23. Rxe3 hxg4 24. hxg4 Kg7 25. Kg3 Rh8 $36 {[%mdl 2048] Keeping White busy.} 26. Red3 {[#]} (26. Qd2 $17 {might work better.}) 26... Rcd8 ({Black should try} 26... Qc7 $1 $19 {White must now prevent ...Qe7.} 27. Rxd6 Qe7) 27. Qd2 {[%cal Rd3d6]} Ne8 (27... d5 $5 28. exd5 Qb8 $17) 28. Nd5 Bxd5 29. Rxd5 Qc7 ({Worse is} 29... Nf6 30. Rxd6 Rxd6 31. Qxd6 $16) 30. c3 $2 {[%mdl 8192] [#]} (30. f3 $15) 30... Qe7 $1 $19 ({Stronger than} 30... Nf6 31. Rxd6 Rde8 32. Qg5 $16 (32. Rxa6 Qc8 $11)) 31. Rh1 $2 (31. Rd3 {was worth a try.}) 31... Rxh1 32. Bxh1 Nc7 33. Rd3 Rh8 34. Bg2 Qh4+ 35. Kf3 Qf6+ $2 (35... Ne6 {Hoping for ...Nf4.} 36. Bf1 Qh1+ 37. Bg2 Qg1) 36. Kg3 $2 (36. Ke2 {was forced.}) 36... Qh4+ (36... Ne6 $142 37. g5 Qe7 38. Rxd6 Nf4) 37. Kf3 Ne6 38. Rxd6 Ng5+ (38... Nf4 $142 {( -> ...Qh3+!)} 39. Ke3 Nxg2+ 40. Kd3 Qxg4) 39. Ke3 Qxg4 40. f3 Qf4+ 41. Kd3 (41. Ke2 $142 Qg3 42. Kf1) 41... Qxd2+ 42. Kxd2 Rh2 43. Rxa6 Rxg2+ {[%mdl 4096] Endgame KRN-KR} 44. Kc1 Nxf3 45. c4 bxc4 46. a4 Nd4 47. Rb6 f5 {[%cal Bf7f5,Bf5e4,Be4e3,Be3e2][%mdl 32] Black mates.} 48. Kb1 fxe4 49. a5 e3 50. a6 e2 51. Rb7+ Kh6 {Accuracy: White = 19%, Black = 57%.} 0-1

[Event "Kings Tournament ROMGAZ 2018-B"]
[Site "Bucharest"]
[Date "2018.11.21"]
[Round "11"]
[White "Paulet, Iozefina"]
[Black "Foisor, Sabina-Francesca"]
[Result "0-1"]
[WhiteElo "2281"]
[BlackElo "2264"]
[Annotator "TA"]
[PlyCount "70"]
[EventDate "2018.11.21"]
[EventCountry "ROU"]
[SourceTitle "playchess.com"]
[Source "ChessBase"]
[SourceQuality "1"]

{[%evp 17,70,39,33,36,46,25,10,29,25,20,20,27,9,-34,0,0,0,-88,-84,-136,-127,-139,-134,-153,-141,-152,-143,-189,-189,-381,-237,-380,-375,-2076,-540,-566,-533,-29953,-1074,-29973,-1066,-1128,-535,-5469,-1287,-1230,-1008,-1323,-981,-1396,-1259,-1038,-197,-172,-189]} 1. e4 c6 2. d4 d5 3. exd5 cxd5 4. Bf4 Nc6 5. c3 g6 6. Nd2 Bg7 7. Be2 Nf6 8. h3 O-O 9. Ngf3 Bf5 {LiveBook: 13 Games. D02: 1 d4 d5 2 Nf3 sidelines, including 2...Nf6 3 g3 and 2...Nf6 3 Bf4} 10. Qb3 b6 $146 ({Predecessor:} 10... Na5 11. Qa3 a6 12. O-O Ne4 13. Rfe1 Nxd2 14. Nxd2 Re8 15. Bf3 Rc8 16. g4 Be6 17. Re3 {1-0 (45) Rambaldi,F (2555)-De Francesco,K (2235) Porto Mannu 2017}) 11. Ne5 (11. O-O {looks sharper.} a6 12. Rfe1 Ne4 13. g4 Be6 14. Qc2) 11... Nxe5 {White has an edge.} 12. Bxe5 Ne4 13. Bxg7 Nxd2 14. Kxd2 Kxg7 15. Bf3 (15. g4 $5 {[%cal Rg4f5]} Be6 16. f4 $11) 15... Be4 16. Bxe4 dxe4 17. Rae1 (17. Qb5 $11) 17... e5 $1 $17 18. Kc1 (18. Kc2 $142) 18... exd4 19. cxd4 Qxd4 20. Re3 Rac8+ 21. Kb1 Qc4 22. Qd1 Rfd8 23. Qe1 $2 (23. Qe2) 23... Qc2+ $19 24. Ka1 Rd2 {[%csl Gd2][%cal Rc2b2] [#]} 25. Rb3 $2 (25. Qb1) 25... Rxf2 (25... Rcd8 $142 {( -> ...Rd1+)} 26. Qc1 Rd1) 26. g4 Rd8 27. Rb4 e3 (27... Rfd2 $142 28. a3 Rd1+ 29. Qxd1 Rxd1+ 30. Rxd1 Qxd1+ 31. Ka2 e3 32. Rb5 Qd4 33. h4 Qc4+ 34. b3 Qxb5 35. a4 Qb4 36. Kb2 e2 37. h5 e1=Q 38. h6+ Kh8 39. g5 Qf2+ 40. Kc1 Qbe1#) 28. a3 {[#]} Qd2 (28... e2 $142 $1 {[%mdl 512]} 29. Qc3+ Qxc3 30. bxc3 Rd1+ 31. Rb1 Rxh1 32. Rxh1 Rf1+ 33. Rxf1 exf1=Q+ 34. Kb2 Qxh3 35. Kb3 Qxg4 36. c4 h5 37. Kb4 h4 38. a4 h3 39. a5 h2 40. Kc3 bxa5 41. c5 h1=Q 42. Kd3 Qc1 43. c6 Qgc4#) 29. Ka2 Rc8 (29... Qd5+ $142 30. Rb3 Rd2) 30. Qb1 Rc2 (30... Qd5+ $142 31. Ka1 Rfc2) 31. Rd1 Qe2 32. Re1 Qf3 33. Rb3 Qd5 34. Rexe3 Rxb2+ $2 (34... Rfd2 35. h4 a5) 35. Qxb2+ Rxb2+ {[%mdl 64] Pin. Accuracy: White = 24%, Black = 38%.} 0-1

[Event "Kings Tournament ROMGAZ 2018-B"]
[Site "Bucharest"]
[Date "2018.11.21"]
[Round "12"]
[White "Nisipeanu, Liviu-Dieter"]
[Black "Istratescu, Andrei"]
[Result "1-0"]
[WhiteElo "2674"]
[BlackElo "2565"]
[Annotator "TA"]
[PlyCount "73"]
[EventDate "2018.11.21"]
[EventCountry "ROU"]
[SourceTitle "playchess.com"]
[Source "ChessBase"]
[SourceQuality "1"]

{[%evp 20,73,-12,-18,-6,-26,-13,-8,-13,-17,0,0,0,0,6,0,0,0,23,0,83,101,79,72,72,64,65,61,61,0,0,0,0,-55,0,-9,-10,-100,196,232,275,264,935,935,924,914,874,15,785,845,29991,29992,29992,29993,29993,29994]} 1. Nf3 Nf6 2. c4 e6 3. g3 d5 4. Bg2 d4 5. O-O c5 6. e3 Nc6 7. exd4 cxd4 8. d3 Be7 {A13: English Opening: 1...e6} 9. a3 (9. b3 O-O 10. Na3 e5 11. Nc2 Nd7 12. a3 a5 13. Rb1 Nc5 14. b4 axb4 15. axb4 Na4 16. Bd2 {0-1 (47) Wei,Y (2739)-Karjakin,S (2760) Medias 2017}) 9... a5 10. Nbd2 O-O 11. Re1 {LiveBook: 7 Games} Qc7 12. Ng5 $146 ({Predecessor:} 12. Qe2 Nd7 13. Ne4 {1-0 (59) Erdos,B (2181)-Jurak,M (1654) Budapest 2015}) 12... h6 13. Nge4 Nd7 {Hoping for ...f5.} 14. f4 b6 15. Qh5 Bb7 16. Nf3 Nf6 17. Nxf6+ Bxf6 18. g4 a4 19. Bd2 Na5 (19... Ne7 $11) 20. g5 $16 hxg5 21. fxg5 ({Of course not} 21. Nxg5 $6 Bxg5 22. fxg5 Bxg2 $11) 21... g6 22. Qh4 Bg7 23. Bf4 Qe7 24. Ne5 (24. Be5 $14 Nb3 25. Bf6 (25. Bxg7 Kxg7 26. Qh6+ Kg8 $11)) 24... Bxg2 $1 $11 25. Kxg2 Nb3 26. Ng4 (26. Rad1 $11) 26... f5 (26... Nxa1 27. Nf6+ Bxf6 28. gxf6 $11) (26... Ra5 $1 $15 27. Rad1 Rf5 28. Nf6+ Bxf6 29. gxf6 Qxf6 30. Qxf6 Rxf6) 27. gxf6 Bxf6 28. Qh3 {[#]} (28. Nxf6+ $11 Qxf6 29. Qxf6 Rxf6 30. Be5) 28... Nxa1 $4 {[%mdl 8192] [#]} (28... Bg7 $1 $17 {and life is bright.} 29. Nh6+ Bxh6 30. Bxh6 Rf5) 29. Rxe6 $1 $18 {[%mdl 512]} Qb7+ (29... Qxe6 30. Nh6+) 30. Kg1 Bg7 $2 (30... Qg7 31. Bh6 Qh8) 31. Nh6+ Bxh6 32. Qxh6 Rf7 33. Rxg6+ $40 {[%mdl 128] White attacks.} Rg7 {And now ...Qf7 would win.} 34. Be5 {[%cal Rg6g7][%mdl 64] Double Attack} Rxg6+ 35. Qxg6+ {White mates.} Kf8 36. Bd6+ Qe7 37. Qf6+ {[%mdl 64] Pin. Accuracy: White = 42%, Black = 38%.} 1-0

[Event "Kings Tournament ROMGAZ 2018-B"]
[Site "Bucharest"]
[Date "2018.11.21"]
[Round "12"]
[White "Iordachescu, Viorel"]
[Black "Parligras, Mircea-Emilian"]
[Result "1-0"]
[WhiteElo "2597"]
[BlackElo "2645"]
[Annotator "TA"]
[PlyCount "57"]
[EventDate "2018.11.21"]
[EventCountry "ROU"]
[SourceTitle "playchess.com"]
[Source "ChessBase"]
[SourceQuality "1"]

{[%evp 20,57,49,38,47,38,50,35,55,75,69,37,75,88,78,65,216,206,190,183,233,230,235,238,291,318,318,293,326,322,325,306,274,0,0,0,562,578,29997,29998]} 1. e4 g6 2. d4 Bg7 3. Nf3 d6 4. Bc4 Nf6 5. Qe2 O-O 6. e5 dxe5 {B06: Modern Defence} 7. dxe5 Nd5 8. h3 Nc6 9. O-O Nb6 10. Bb3 Nd4 11. Nxd4 {LiveBook: 33 Games} Qxd4 12. Re1 a5 13. c3 $146 ({Predecessor:} 13. a4 Be6 14. Bxe6 fxe6 15. Nd2 Rf5 16. Nf3 Qc4 17. b3 Qxe2 18. Rxe2 Nd5 19. Bd2 Rd8 20. Rae1 b6 21. Ng5 Nc3 22. Bxc3 Rxg5 23. g4 Rf8 24. Bd2 Rxe5 25. Rxe5 Bxe5 26. Rxe5 Rd8 27. Re2 {1-0 (27) Kveinys,A (2527)-Kovalenko,I (2650) Riga 2014}) 13... Qh4 14. Nd2 a4 15. Bc2 Ra5 16. Nf3 $36 {[%mdl 2048] Keeping Black busy.} Qh5 17. Be3 Bxh3 $2 ({Black should try} 17... Nd7 $14) 18. gxh3 $18 Qxh3 19. Bf4 Nd5 20. Bg3 Bh6 {[%cal Bg7h6,Bh6g5,Bg5h4][%mdl 32]} 21. Qe4 f5 22. exf6 Rxf6 23. Rad1 Nf4 {[%csl Gf4][%cal Rh3g2]} 24. Rd8+ Kg7 {[%csl Gf4][%cal Rh3g2] [#]} 25. Nh4 $1 (25. Qxe7+ $2 Rf7 $19) 25... Bg5 26. Re8 $2 ({Don't go for} 26. b4 $2 Bxh4 27. Bxh4 (27. bxa5 $2 Bxg3 28. Rd2 Bh2+ {[%mdl 64] Discovered Attack} 29. Kh1 Re6 $19) 27... Re6 $19) (26. Qxb7 $18 Ne6 27. Rxe6 {[%mdl 64] Deflection} (27. Qb8 $2 Bxh4 28. Rh8 Nf8 $19) 27... Qxe6 28. Ng2 (28. Qxc7 $2 Qe1+ 29. Kg2 Bxh4 $19)) 26... Bxh4 $11 27. Rxe7+ {[%mdl 64] Double Attack} Kh6 $2 {[%mdl 8192]} (27... Kg8 $1 $11 28. Qc4+ (28. Bxf4 Rxf4 {[%mdl 64] Remove Defender} 29. Qxf4 Rg5+ 30. Qxg5 Bxg5 $11) 28... Rd5 29. Bxf4 Qg4+ 30. Kf1 Qh3+ 31. Ke2 Qg4+ 32. Kf1 Qh3+ 33. Kg1 Qg4+ 34. Kf1) 28. Bxf4+ $18 Rxf4 {[%csl Gf4][%cal Rh4f2] [#]} 29. Rxh7+ $1 {[%mdl 576] Remove Defender. Accuracy: White = 81%, Black = 38%.} 1-0

[Event "Kings Tournament ROMGAZ 2018-B"]
[Site "Bucharest"]
[Date "2018.11.21"]
[Round "12"]
[White "L'Ami, Alina"]
[Black "Paulet, Iozefina"]
[Result "0-1"]
[WhiteElo "2285"]
[BlackElo "2281"]
[Annotator "TA"]
[PlyCount "102"]
[EventDate "2018.11.21"]
[EventCountry "ROU"]
[SourceTitle "playchess.com"]
[Source "ChessBase"]
[SourceQuality "1"]

{[%evp 28,102,26,6,16,15,23,-19,116,124,110,105,127,0,0,0,0,0,811,797,755,576,953,962,930,925,992,999,888,-614,-613,-599,-599,-604,-568,-839,-801,-956,-989,-985,-984,-973,-954,-1109,-919,-880,-903,-887,-876,-29973,-29968,-29985,-29986,-29985,-29983,-29983,-29984,-29986,-29987,-29987,-29987,-29988,-29989,-29989,-29990,-29991,-29991,-29992,-29990,-29991,-29986,-29986,-29987,-29987,-29988,-29988,-29988]} 1. d4 Nf6 2. c4 c5 3. d5 e6 4. Nc3 exd5 5. cxd5 d6 6. e4 g6 7. f4 Bg7 8. Bb5+ Nfd7 9. Nf3 O-O 10. O-O a6 11. Bd3 b5 {[%cal Bb7b5,Bb5b4][%mdl 32]} 12. Kh1 Nb6 {A67: Modern Benoni: Taimanov Variation} 13. f5 N8d7 14. Bg5 Bf6 15. h4 {LiveBook: 3 Games} b4 16. Ne2 a5 17. Nf4 $146 (17. Rc1 {with more complications.} Bxg5 18. hxg5 Qe8 19. Qd2 Ne5 20. Rfe1) ({Predecessor:} 17. Qd2 c4 18. Bc2 c3 19. bxc3 bxc3 20. Nxc3 {0-1 (61) L'Ami,A (2348)-Hillarp Persson,T (2529) St Clement Bay 2016}) 17... Ba6 (17... c4 $11 18. Bc2 Ba6) 18. Bxa6 $16 Rxa6 19. fxg6 hxg6 {[#]} 20. Bxf6 (20. Qe1 $1 $16) 20... Qxf6 $11 21. Ng5 Qxb2 22. h5 Kg7 $2 {[%mdl 8192]} (22... Qh8 $11) 23. hxg6 $18 Rh8+ 24. Nfh3 Qe5 {[#] Hoping for ...Qxg5.} 25. Rxf7+ Kxg6 26. Rf5 Qg3 27. Qf1 Raa8 28. Rf7 $4 {[%mdl 8192]} (28. Ne6 $18 Ne5 29. Rg5+ Qxg5 30. Nexg5) 28... Qxg5 $1 $19 29. Rf5 Qg3 30. Rf3 Qe5 31. Rf5 Raf8 {Strongly threatening ...Rxh3+!} 32. Re1 Rxf5 33. exf5+ Qxf5 34. Re6+ Nf6 35. Qe2 Nbd7 36. Kg1 Rxh3 37. gxh3 Qxd5 38. Qg4+ Kf7 {Black mates.} 39. Rxf6+ Nxf6 40. Qe2 Qd4+ 41. Kf1 c4 {[%cal Bc5c4,Bc4c3][%mdl 32]} 42. h4 Qxh4 43. Qd2 d5 44. Qg2 Qe4 45. Qg5 c3 46. Qh6 Qf3+ 47. Ke1 Qd3 48. Qg5 Qd2+ 49. Qxd2 cxd2+ 50. Kxd2 Ke6 51. Kd3 Ke5 {Accuracy: White = 49%, Black = 43%.} 0-1

[Event "Kings Tournament ROMGAZ 2018-B"]
[Site "Bucharest"]
[Date "2018.11.21"]
[Round "12"]
[White "Foisor, Sabina-Francesca"]
[Black "Bulmaga, Irina"]
[Result "0-1"]
[WhiteElo "2264"]
[BlackElo "2386"]
[Annotator "TA"]
[PlyCount "108"]
[EventDate "2018.11.21"]
[EventCountry "ROU"]
[SourceTitle "playchess.com"]
[Source "ChessBase"]
[SourceQuality "1"]

{[%evp 20,108,57,31,60,66,113,9,11,0,6,-8,0,-87,0,-2,0,-17,26,22,22,-10,0,-21,0,-31,-24,-42,0,0,0,0,87,72,79,0,40,0,0,-42,-33,-41,0,-16,0,-79,-81,-130,-129,-185,-118,-241,-118,-123,-125,-234,-224,-287,-214,-290,-318,-283,-296,-219,-28,-28,-28,-28,-28,-28,-28,-1281,-1028,-1641,-819,-787,0,-1597,-1247,-1747,-574,-29988,-29989,-29989,-29990,-29990,-29991,-29990,-29991,-29992,-29993]} 1. d4 Nf6 2. Nf3 e6 3. c4 b6 4. g3 Bb7 5. Bg2 Bb4+ 6. Bd2 Be7 7. O-O d5 8. cxd5 exd5 9. Nc3 O-O 10. Ne5 Nbd7 11. Rc1 a6 $146 {E18: Queen's Indian: Old Main Line (4 g3 Bb7 5 Bg2 Be7 6 0-0 0-0 7 Nc3)} ({Predecessor:} 11... Nxe5 12. dxe5 Ne4 13. Nxe4 dxe4 14. Qc2 c5 15. Rcd1 Qd5 16. Bg5 Qxe5 17. Rd7 Bxg5 18. Rxb7 Rad8 19. e3 {1-0 (31) Llorente Zaro,A (2464)-Bulmaga,I (2393) Bournemouth 2015}) 12. Qc2 c5 13. e3 (13. Nxd7 $1 $16 Qxd7 14. Na4) 13... Rc8 $11 {The position is equal.} 14. Qf5 {With the idea Nxd7.} g6 15. Qf3 Rc7 16. h4 (16. Qe2 $11 {keeps the balance.}) 16... Ne4 (16... Nxe5 $17 17. dxe5 d4) 17. Qe2 Nxe5 18. dxe5 Nxd2 19. Qxd2 {[%cal Rc3d5]} Rd7 20. Ne2 Re8 21. Bh3 Rc7 22. Nf4 Bf8 23. e6 Qd6 {[%cal Rf7e6]} 24. exf7+ Rxf7 25. Rfd1 {[%cal Rf4d5]} Re5 (25... Bh6 $11 {remains equal.}) 26. Bg2 $16 {[%cal Rg2d5]} Ref5 27. Bh3 ({Much weaker is} 27. Bxd5 Bxd5 28. Nxd5 Rxf2 $11) 27... Re5 28. Rc3 Bh6 29. Rd3 Bxf4 $1 30. exf4 Re8 31. Bg2 {[%cal Rg2d5]} d4 $36 {[%mdl 2048] [#] Black fights for an advantage.} 32. Bxb7 (32. Re3 $1 $11 {[%mdl 512]} Qb8 (32... dxe3 33. Qxd6) 33. Rxe8+ Qxe8 34. Bxb7 Rxb7 35. b4) 32... Rxb7 $17 33. Ra3 a5 34. Rf3 (34. Re3 $17 {was worth a try.} Rbe7 35. Rde1) 34... Rf7 (34... Qc6 $19 35. Kg2 Rbe7) 35. Re1 (35. Re3 $17 {might work better.} Re6 36. Qd3) 35... Re6 (35... Rxe1+ $19 {is more deadly.} 36. Qxe1 c4) 36. Rxe6 Qxe6 {[%mdl 4096] Endgame KQR-KQR} 37. Rb3 (37. b3 $17 {keeps fighting.}) 37... Re7 $19 38. Rd3 Qe1+ 39. Qxe1 Rxe1+ {KR-KR} 40. Kg2 Re2 41. Rb3 {[#]} c4 $2 (41... a4 $1 $19 {[%cal Ra4b3]} 42. Rxb6 d3) 42. Rxb6 $11 d3 {Strongly threatening ...Rxb2!} 43. Kf3 Rc2 44. Rc6 a4 {Hoping for ...a3.} 45. Ke3 $2 {[%mdl 8192]} (45. a3 $11) 45... a3 $19 ({Less strong is} 45... Re2+ 46. Kf3 $17) 46. bxa3 Re2+ (46... d2 $142 47. Rd6 c3) 47. Kf3 Rc2 (47... Re1 $142 48. Rc8+ Kf7 49. Rc7+ Ke6 50. Rxc4 d2) 48. Ke3 $1 {[#]} d2 $1 {[%cal Rd2d1]} 49. Ke2 c3 {[%cal Bc4c3,Bc3c2][%mdl 32] And now ...Rc1 would win.} 50. a4 Rc1 {Black mates.} 51. Rd6 Re1+ 52. Kf3 d1=Q+ 53. Rxd1 Rxd1 54. a5 c2 {Accuracy: White = 24%, Black = 43%.} 0-1